| 000 | 00399nam a22001217a 4500 | ||
|---|---|---|---|
| 082 | _a220 PRO | ||
| 100 |
_aNIMRA,KHAULA,AUJ BADSHA,DR M A KHAN, _971826 |
||
| 245 | _aPR-SOF-1229-DESIGN AND CONTROL OF GENERIC 5 DOF SERIAL MANIPULATOR FOR MOBILE PLATFROMS | ||
| 260 |
_aISLAMABAD _bNUST COLLEGE OF EME _c2013 |
||
| 650 |
_aDE-MTS-31 _971827 |
||
| 700 |
_aSUPERVISOR SARMAD SHAMS _971828 |
||
| 942 | _cCR | ||
| 999 |
_c578134 _d578134 |
||